| 000 | 00539 a2200169 4500 | ||
|---|---|---|---|
| 001 | 189443 | ||
| 020 | _a978-85-7631-132-4 | ||
| 040 | _cMagnum | ||
| 100 | _aMinistério das Relações Exteriores | ||
| 240 | 1 | 0 |
_aDiscursos selecionados do presidente Itamar Franco _lpor |
| 245 | 1 | 0 | _aDiscursos selecionados do presidente Itamar Franco |
| 300 | _a74 | ||
| 362 | 0 | _a2008 | |
| 440 | 1 | _aFundação Alexandre de Gusmão | |
| 697 | _aRELALÇÕES INTERNACIONAIS, POLÍTICA MUNDIAL. POLÍTICA INTERNACIONAL. POLÍTICA EXTERNA | ||
| 942 | _cBK | ||
| 999 |
_c189443 _d189443 |
||